000 00672nam a2200217Ii 4500
003 JO-AjNU
008 230605s9999||||xx |||||||||||||| ||und||
017 _a2005/3/62
040 _aJO-AjNU
_bara
_erda
_cJO-AjNU
041 _aara
050 1 4 _aBP161.2.A2282 2005
100 3 _aالعبادي،سعد سالم,
_eauthor
_910820
245 0 0 _aالثقافة الإسلامية
250 _aط1
264 3 1 _aعمان: دار البداية ناشرون وموزعون، 2005
300 _a204ص
336 _atext
_btxt
_2rdacontent
337 _aunmediated
_bn
_2rdamedia
338 _avolume
_bnc
_2rdacarrier
650 4 _aالثقافة الاسلامية
_910821
999 _aA2004
_c5572
_d5572